| 000 | 01877nam a2200277Ia 4500 | ||
|---|---|---|---|
| 999 |
_c56543 _d56543 |
||
| 001 | 23657 | ||
| 003 | GE_BSU | ||
| 005 | 20260302145713.0 | ||
| 008 | 181216s1960||||ge |||||||||||||| ||geo|| | ||
| 040 | _cGE_BSU | ||
| 041 | _ageo | ||
| 080 | _a94(479.22)(093უცხ.) ყ-36 | ||
| 100 |
_aყაუხჩიშვილი, თ. _917649 |
||
| 245 |
_aჰეროდოტეს ცნობები საქართველოს შესახებ = Сведения Геродота о Грузии _cთ. ყაუხჩიშვილი ; ბერძნ.-რომაული წყაროების სერიის რედ. ს. ყაუხჩიშვილი ; საქ. სსრ მეცნ. აკად., ივანე ჯავახიშვილის სახ. ისტორიის ინ-ტი. |
||
| 264 |
_aთბილისი : _bსაქ. სსრ მეცნ. აკად. გამ-ბა, _c1960. |
||
| 300 |
_a153 გვ. ; _c23 სმ.. |
||
| 490 |
_aუცხოური წყაროები საქართველოს შესახებ _v წ. 1 |
||
| 500 | _aტექსტი ქართ. და ბერძნ. ენ.. დამატ. თავფურც. რუს. ენ. | ||
| 504 | _aბიბლიოგრ. შენიშვნებში | ||
| 520 | _aტექსტი ქართ. და ბერძნ. ენ.. დამატ. თავფურც. რუს. ენ. | ||
| 541 | _h1 ლ. 40თ. | ||
| 653 | _aსაქართველოს ისტორიის ბერძნული წყაროები | ||
| 653 | _aჰეროდოტეს ცნობები საქართველოს შესახებ | ||
| 700 |
_aყაუხჩიშვილი, ს. _eრედაქტორი _927026 |
||
| 942 |
_cBK _2udc |
||